Bibliographical survey of Social reform movements in eighteenth & Ninteenth centruies (Record no. 1450250)

MARC details
000 -LEADER
fixed length control field 00660nam a2200205Ia 4500
005 - DATE AND TIME OF LATEST TRANSACTION
control field 20250923145338.0
008 - FIXED-LENGTH DATA ELEMENTS--GENERAL INFORMATION
fixed length control field 008 250917s9999 xx 000 0 eng d
037 ## - SOURCE OF ACQUISITION
Stock number Textual
040 ## - CATALOGING SOURCE
Original cataloging agency DSWL
Language of cataloging eng
Transcribing agency DSWL
041 ## - LANGUAGE CODE
Language code of text/sound track or separate title eng
Source of code eng
084 ## - COLON CLASSIFICATION NUMBER
Classification number Y:7:7a2,M<-70, N75
Assigning agency DSWL
100 ## - MAIN ENTRY--PERSONAL NAME
Personal name Sarkar, Sumit
9 (RLIN) 834298
245 #0 - TITLE STATEMENT
Title Bibliographical survey of Social reform movements in eighteenth & Ninteenth centruies
Statement of responsibility, etc. by Sumit Sarkar
260 ## - PUBLICATION, DISTRIBUTION, ETC.
Place of publication, distribution, etc. New Delhi
Name of publisher, distributor, etc. Indian Council of Historical Research
Date of publication, distribution, etc. 1975
300 ## - PHYSICAL DESCRIPTION
Extent 54p.
365 ## - TRADE PRICE
Price type code INR
Price amount 9 . 0
925 ## -
-- 9 . 0
942 ## - ADDED ENTRY ELEMENTS (KOHA)
Koha item type Textual
Classification part Y:7:7a2,M<-70, N75
Holdings
Withdrawn status Lost status Damaged status Not for loan Home library Current library Date acquired Source of acquisition Inventory number Total Checkouts Full call number Barcode Date last seen Price effective from Koha item type
        Department of Social Work Library Department of Social Work Library 2025-09-23 Motilal Banarsidas Delhi-110007 3368 05/05/1976   Y:7:7a2,M<-70, N75 SW0017586 2025-09-23 2025-09-23 Textual
Copyright @ Delhi University Library System